LEADER 01355nam a2200325 a 4500 001 000000131439 003 CaOOAMICUS 005 20121120132343.0 008 121120s2012 it a u000 u ita r 040 $aPUL$bita 041 1 $aita$heng 082 04$a940.1 100 1 $aGravett, Christopher.$0(OLS)http://pul/name/83343 240 10$aEnglish Medieval knight 1300-1400.$lItaliano.$0(OLS)http://pul/title/166039 245 10$aCavalieri medievali /$cChristopher Gravett ; illustrazioni di Graham Turner. 260 $aMilano :$bRBA Italia,$cİ2012. 300 $a72 p. :$bill. ;$c25 cm. 490 1 $aBiblioteca Osprey Medioevo ;$v35 500 $aPubblicazione periodica settimanale. 504 $aInclude riferimenti bibliografici e indice. 650 4$aCavalieri e cavalleria.$0(OLS)http://pul/subject/11667 700 1 $aTurner, Graham.$0(OLS)http://pul/name/82283 830 0$aBiblioteca Osprey Medioevo ;$v35.$0(OLS)http://pul/title/162235 850 $aPUL 852 $aPUL$W1$xDP2 Filosofia 3$y112$m940. 1 COLL 3.35$j151720$qDDC 21$B150640$CPULBib$Z2$F150640 $H121092 $82 941 1 $a9 996 $6082$a940.1$9(OLS)http://pul/classification/198 996 $6245$aCavalieri medievali$9(OLS)http://pul/title/166040 996 $6260$aMilano :$bRBA Italia$9(OLS)http://pul/publisher/80118 LEADER 01215nam a2200301 a 4500 001 000000137868 003 CaOOAMICUS 005 20140325140822.0 008 140325s2011 it u000 u ita r 020 $a978-88-6030-396-7 040 $aPUL$bita 082 04$a111.8 100 1 $aDesideri, Fabrizio.$0(OLS)http://pul/name/40152 245 13$aLa percezione riflessa :$bestetica e filosofia della mente /$cFabrizio Desideri. 260 $aMilano :$bRaffaello Cortina,$cİ2011. 300 $aXXI, 230 p. ;$c23 cm 490 1 $aSaggi ;$v68 500 $aBibliografia p. 207-[226]. 650 4$aEstetica.$0(OLS)http://pul/subject/224 830 0$aSaggi (R.Cortina) ;$v68.$0(OLS)http://pul/title/100620 850 $aPUL 852 $aPUL$W1$xSL Filosofia 3$y81$m111. 8 DESFA 1$j158940$qDDC 21$B158466$CPULBib$Z2$F158466 $H123740 $82 941 1 $a9 996 $6020$a978-88-6030-396-7$9(OLS)http://pul/number/154903 996 $6082$a111.8$9(OLS)http://pul/classification/2172 996 $6245$aLa percezione riflessa :$bestetica e filosofia della mente$9(OLS)http://pul/title/174585 996 $6260$aMilano :$bRaffaello Cortina$9(OLS)http://pul/publisher/63509